| 000 | 01333njm a2200337Ia 4500 | ||
|---|---|---|---|
| 001 | 77884 | ||
| 003 | IT-RoPAU | ||
| 005 | 20220918181112.0 | ||
| 008 | 131025s9999 xx 000 0 und d | ||
| 040 | _aIT-RoPAU | ||
| 040 | _cIT-RoPAU | ||
| 041 | _aINGLESE | ||
| 999 |
_c99075 _d99075 |
||
| 999 | _bn.d. | ||
| 100 |
_aMadonna (Ciccone) _919899 |
||
| 100 |
_eAutore musica _925539 |
||
| 100 |
_gCodice autore musica SPICS: 13281 _919901 |
||
| 245 | _aLike A Prayer (Cd 925 844) | ||
| 250 | _a1a ed. | ||
| 260 | _aNEW YORK | ||
| 260 |
_bSIRE RECORS INC. _c1989 [1a Ed.:1989 - Ed. Lingua Orig.: 1989] |
||
| 300 | _aCOMPACT DISC | ||
| 300 | _c54 minuti (Testo: 0 pag.) | ||
| 500 | _aMusica rock. Video Madonna | ||
| 505 | _aLike A Prayer - Till Death Do Us Part - Promise To Tray - Cherish - Dear Jessie - Oh Father - Spanish Eyes - Express Yourself (5:00) - Love Song (5:00) - Keep It Together (6:00) | ||
| 650 |
_aROCK [COMPACT DISC] _eCodice MATERIA SPICS: 9949 _925540 |
||
| 700 |
_aLeonard Patrick _eAutore _gCodice autore SPICS: 21695 _925541 |
||
| 700 |
_aBray Steve (Stephen) _eAutore _gCodice autore SPICS: 21696 _pExpress Yourself - Keep It Together _925542 |
||
| 700 |
_aPrince _eAutore _gCodice autore SPICS: 2331 _pLove Song _925543 |
||
| 700 |
_aMadonna (Ciccone) _gCodice interprete SPICS: 13281 _eInterprete _925544 |
||
| 942 |
_cCD _2ddc |
||